Central Library OPAC University of Rajshahi

اردو شاعرى پر ایىک نظر : پرانى شاعرى / Urdū shāʻirī par ek naz̤ar : purānī shāʻirī / (Record no. 85189)

MARC details
000 -LEADER
fixed length control field 00782nam a2200205 4500
001 - CONTROL NUMBER
control field 85189
003 - CONTROL NUMBER IDENTIFIER
rucl marc code BD-RjUL
005 - DATE AND TIME OF LATEST TRANSACTION
control field 20250713153131.0
008 - FIXED-LENGTH DATA ELEMENTS--GENERAL INFORMATION
fixed length control field 250713s1965 pk||||| |||| 00| 0 urd d
035 ## - SYSTEM CONTROL NUMBER
System control number (BD-RjUL) 85189
040 ## - CATALOGING SOURCE
Original cataloging agency BD-RjUL
Language of cataloging eng
Transcribing agency BD-RjUL
041 ## - LANGUAGE CODE
Language code of text/sound track or separate title urd
082 ## - DEWEY DECIMAL CLASSIFICATION NUMBER
Edition number 23
100 ## - MAIN ENTRY--PERSONAL NAME
Personal name کلیىم الدین احمد،,
Dates associated with a name 1908-1983
9 (RLIN) 16008
245 ## - TITLE STATEMENT
Title اردو شاعرى پر ایىک نظر : پرانى شاعرى / Urdū shāʻirī par ek naz̤ar : purānī shāʻirī /
Statement of responsibility, etc. :کلیىم الدین احمد, (Author) / Kalīmuddīn Aḥmad, Kalīmuddīn Aḥmad (Author)
260 ## - PUBLICATION, DISTRIBUTION, ETC. (IMPRINT)
Place of publication, distribution, etc. Lahore :
Name of publisher, distributor, etc. عشرت پبلشنگ ;; Ishrat Publishing ,
Date of publication, distribution, etc. 1965
300 ## - PHYSICAL DESCRIPTION
Pagination 344 p. ;
Size 17 cm
650 ## - SUBJECT ADDED ENTRY--TOPICAL TERM
Topical term or geographic name as entry element Urdu poetry
Form subdivision History and criticism
9 (RLIN) 8497
942 ## - ADDED ENTRY ELEMENTS (KOHA)
Source of classification or shelving scheme Dewey Decimal Classification
Koha item type Books
Holdings
Lost status Source of classification or shelving scheme Damaged status Not for loan Collection code Permanent Location Current Location Shelving location Date acquired Source of acquisition Cost, normal purchase price Total Checkouts Full call number Date last seen Copy number Koha item type
  Dewey Decimal Classification   Not For Loan Non-fiction Central Library, University of Rajshahi Central Library, University of Rajshahi Reading Room 08/02/1967 feroz & sons 6.00   U 891.43909 KAU 1965 13/07/2025 C-1 Books
  Dewey Decimal Classification     Non-fiction Central Library, University of Rajshahi Central Library, University of Rajshahi General Stacks 18/05/2026       U 891.43909 KAU 1965 18/05/2026 C-2 Books